|
|
|
|
| LEADER |
00000ny a22000003n 4500 |
| 005 |
20110616150427.0 |
| 008 |
090827s2009 sp 001 0 spa d |
| 017 |
|
|
|a D.L.B-29914-2009
|
| 020 |
|
|
|a 9788476988442
|
| 035 |
|
|
|a 4945
|
| 040 |
|
|
|a SpMaUCDE
|d vLex
|
| 080 |
|
|
|a 355.1
|
| 080 |
|
|
|a 355.216
|
| 090 |
|
|
|c 796
|d 796
|
| 245 |
0 |
3 |
|a La privatizacin̤ del uso de la fuerza armada
|h [Recurso electrn̤ico]
|b polt̕ica y derecho ante el fenm̤eno de las "empresas militares y de seguridad privadas" /
|c Helena Torroja Mateu (dir.) ; Sonia Güell Peris (coord.) ; prl̤ogo Jaime Rodrg̕uez-Toubes Nę︢z
|
| 256 |
|
|
|a Servicio en ln̕ea
|
| 260 |
|
|
|a Barcelona :
|b Bosch,
|c 2009
|
| 300 |
|
|
|a p. ;
|c cm.
|
| 506 |
1 |
|
|a Contenido solo disponible en los productos indicados
|d vLex Global
|d vLex Global (Academic Edition, excluding Law Schools)
|d vLex Global (U.S. Academic Edition, Law Schools)
|d vLex Global (U.S. Academic Edition, excluding Law Schools)
|d vLex Global (Academic Edition, Law Schools)
|
| 650 |
0 |
4 |
|a Fuerzas armadas
|z Barcelona
|
| 700 |
1 |
|
|a Rodrg̕uez-Toubes Nę︢z, Jaime,
|e pr.
|
| 700 |
1 |
|
|a Torroja Mateu, Helena,
|e dir.
|
| 711 |
2 |
|
|a Jornada sobre Seguridad y Defensa.
|n (4.
|d 2007.
|c Barcelona)
|
| 740 |
0 |
|
|a vLex Libros (Servicios en ln̕ea)
|
| 856 |
4 |
0 |
|u http://vlex.com/source/4945
|z Acceso restringido
|
| 942 |
|
|
|c BOOK
|
| 999 |
0 |
4 |
|a Law
|b Barcelona
|
| 999 |
0 |
4 |
|a Mercenarios.
|
| 999 |
0 |
4 |
|a Servicios privados de seguridad.
|